Cosa de dos / (Record no. 10271)

MARC details
000 -LEADER
campo de control de longitud fija 00797nam a2200241 i 4500
001 - NÚMERO DE CONTROL
campo de control 10271
003 - IDENTIFICADOR DE NÚMERO DE CONTROL
campo de control ES-MaACL
005 - FECHA Y HORA DE LA ÚLTIMA TRANSACCIÓN
campo de control 20250525063030.0
007 - CAMPO FIJO DE DESCRIPCIÓN FÍSICA--INFORMACIÓN GENERAL
campo de control de longitud fija t|
008 - DATOS DE LONGITUD FIJA--INFORMACIÓN GENERAL
campo de control de longitud fija 950407s1987 sp ||||1| spa d
020 ## - NÚMERO INTERNACIONAL ESTÁNDAR DEL LIBRO
Número Internacional Estándar del Libro 84-505-5284-2
080 ## - NÚMERO DE LA CLASIFICACIÓN DECIMAL UNIVERSAL
Número de la Clasificación Decimal Universal 86-22"19"
080 ## - NÚMERO DE LA CLASIFICACIÓN DECIMAL UNIVERSAL
Número de la Clasificación Decimal Universal 86(Ladrón de Guevara,E.7 C.01)
100 1# - ENTRADA PRINCIPAL--NOMBRE DE PERSONA
Nombre de persona Ladrón de Guevara, Eduardo
9 (RLIN) 69445
245 10 - MENCIÓN DEL TÍTULO
Título Cosa de dos /
Mención de responsabilidad, etc. Eduardo Ladrón de Guevara.
260 ## - PUBLICACIÓN, DISTRIBUCIÓN, ETC.
Lugar de publicación, distribución, etc. [Toledo] :
Nombre del editor, distribuidor, etc. Junta de Comunidades de Castilla-La Mancha, Servicio de Publicaciones,
Fecha de publicación, distribución, etc. 1987.
300 ## - DESCRIPCIÓN FÍSICA
Extensión 57 p. ;
Dimensiones 21 cm.
490 1# - MENCIÓN DE SERIE
Mención de serie Creación literaria ;
Designación de volumen o secuencia 8
710 1# - ENTRADA AGREGADA--NOMBRE DE ENTIDAD CORPORATIVA
Nombre de entidad corporativa o nombre de jurisdicción como elemento de entrada Castilla-La Mancha.
Unidad subordinada Junta de Comunidades.
9 (RLIN) 2495
830 0# - PUNTO DE ACCESO ADICIONAL DE SERIE-TÍTULO UNIFORME
Título uniforme Creación literaria ;
Designación de volumen o secuencia 8
9 (RLIN) 178462
852 ## - LOCALIZACIÓN
Ubicación ES-MaACL
Número de control de estantería L-17779
Sublocalización o colección R.123839
Holdings
Estatus retirado Estado de pérdida Estado de daño No para préstamo Biblioteca de origen Biblioteca actual Ubicación en estantería Fecha de adquisición Fuente de adquisición Total de préstamos Signatura topográfica completa Código de barras Visto por última vez Precio de reemplazo Tipo de ítem Koha
        Biblioteca del Ateneo de Madrid Biblioteca del Ateneo de Madrid Depósito 2 17/01/2008     L-17779 1010481 23/02/2023 23/02/2023 Libro impreso